000 00218nam a2200085Ia 4500
008 220217s9999||||xx |||||||||||||| ||und||
100 _aJain, R K
245 0 _aMechanical and Industrial Measurments
300 _a1204
_b325
999 _c182487
_d182487